| 000 | 00871cam a22002294a 4500 | ||
|---|---|---|---|
| 001 | 12646620 | ||
| 005 | 20250127091332.0 | ||
| 008 | 020116s2002 ilu b 001 0 eng | ||
| 020 | _a0842335889 (hc : alk. paper) | ||
| 050 | 0 | 0 |
_aHV1461 _b.F63 2002 |
| 082 | 0 | 0 |
_a649.8 _221 |
| 245 | 0 | 0 |
_aFocus on the family complete guide to caring for aging loved ones : _bthe official book of the Focus on the Family Physicians Resource Council. _cedited by Holstege Henry, Robert Riekse |
| 260 |
_aWheaton, Ill. : _bTyndale House Publishers, _cc2002. |
||
| 300 |
_a558 p. ; _c24 cm. |
||
| 650 | 0 |
_aOlder people _xHome care _zUnited States. |
|
| 650 | 0 |
_aCaregivers _zUnited States. |
|
| 650 | 0 |
_aCaring _xReligious aspects _xChristianity. |
|
| 700 | _aHolstege, Henry | ||
| 700 | _aRiekse Robert | ||
| 710 | 2 | _aFocus on the Family Physicians Resource Council. | |
| 942 |
_2lcc _cBK _n0 |
||
| 999 |
_c3081 _d3081 |
||